000 004660000a22001930004500
001 004732
003 MACL
005 20150825164831.0
008 150825b xxu||||| |||| 00| 0 eng d
040 _aMACL
_cMACL
041 _aEnglish
082 _a700/CHA
100 _aGhosh, Sankha
_97474
245 _aVisual Rhapsody
_cSankha Ghosh
260 _aNew Delhi
_c2002
_bNiyogi Offset Publishing,
350 _a4500
650 _aArts
_97475
942 _k700
_cBK
_2ddc
999 _c16619
_d16619